Statistics for True or false?

Click here to take the quiz!

General Stats

  • This quiz has been taken 24 times
  • The average score is 8 of 12

Answer Stats

QuestionAnswer% Correct
Piza is located in FranceFalse
89%
Poland is bigger than ItalyTrue
89%
In the U.S. flag are 13 stripes and 50 stars.True
89%
This quiz includes 12 questionsTrue
89%
Theodore Roosevelt was a president during 1890sFalse
74%
CSA is a acronime for Central States of AmericaFalse
68%
New Jersey is the most densely populous U.S. state.True
68%
George Washinton was the tallest U.S. President everFalse
63%
Egypt isn't located in Asia, even a small areaFalse
58%
The first person on the Moon was a Ohio born AmericanTrue
58%
The largest subdivision in Germany is a BayernTrue
47%
Finland is a Scandinavic country.False
32%

Score Distribution

Percentile by Number Answered

Percent of People with Each Score

Your Score History

You have not taken this quiz